Quiz de planetas - Statistics

Estatísticas Gerais
  • Esse quiz foi jogado 99 vezes
  • A pontuação média é 8 de 12
Estatísticas das Respostas
Questão Resposta % Correto
Qual é o primeiro planeta do sistema solar e é o menor planeta do sistema solar? Mercúrio
98%
Qual é a descrição do planeta chamado Sol? O Sol é uma estrela brilhante localizada na Via Láctea a uma distância de 150 milhões de quilômetros da Terra, no centro do Sistema Solar.
92%
Qual é a origem do nome do planeta Marte? Recebeu o nome em homenagem ao deus romano da guerra, Marte, devido à sua coloração avermelhada.
92%
Quais são as luas do Marte? Fobos e Deimos
77%
Qual é a superfície de Ceres Tem uma superfície congelada, cheia de crateras
75%
Qual é a origem do nome do planeta anão Éris É uma homenagem à deusa grega da discórdia, que causou controvérsias na comunidade astronômica.
69%
Quantos satélites tem o Júpiter e os exemplos? 79 Exemplo: Europa, Ganimedes,Calisto e Io.
66%
Em qual ano em que o Makemake foi descoberto? 2005
57%
Onde o Plutão está localizado? Cinturão de Kuiper
52%
Qual é o número de anos em que o Netuno realiza a translação? 165
48%
Quais são as luas da Haumea e quais horas que ela realiza a rotação? Namaka,Hi'iaka e 3,9 horas de rotação
35%
Qual é o maior planeta do sistema solar? Sol
35%
Nenhum quiz correspondente encontrado
Distribuição das Pontuações
Porcentagem de Pessoas com Cada Pontuação
Percentil de Números Respondidos
Sua Pontuação Histórica
Você não jogou esse quiz